书目信息 |
| 题名: |
飞向太空港
|
|
| 作者: | 李鸣生 著 | |
| 分册: | ||
| 出版信息: | 海口 南方出版社 2018 |
|
| 页数: | 311页 | |
| 开本: | 22cm | |
| 丛书名: | ||
| 单 册: | ||
| 中图分类: | I253.6 | |
| 科图分类: | ||
| 主题词: | 报告文学--中国--现代 | |
| 电子资源: | ||
| ISBN: | 978-7-5501-4363-0 | |
| 000 | 00967nam0 2200253 450 | |
| 001 | 012001004583 | |
| 005 | 20140928162349.0 | |
| 010 | @a978-7-5501-4363-0@dCNY29.80 | |
| 100 | @a20180819d2018 cd y0chiy50 ea | |
| 101 | 0 | @achi |
| 102 | @aCN@b460000 | |
| 105 | @aa z 000zy | |
| 106 | @ar | |
| 200 | 1 | @a飞向太空港@9fei xiang tai kong gang@f李鸣生著 |
| 210 | @a海口@c南方出版社@d2018 | |
| 215 | @a311页@c图@d22cm | |
| 300 | @a新课标必读名著·彩插励志版@h第五辑@f闻钟主编 | |
| 300 | @a无障碍阅读 | |
| 330 | @a本书是李鸣生创作的一部航天题材的报告文学作品,讲述了中国“长征三号”火箭首次在西昌发射场发射美国“亚洲一号”卫星的故事。《飞向太空港》是中国航天历史的一段珍贵回忆,作者李鸣生作为历史的见证者和记录者,以客观细腻的笔触,为我们叙述了卫星发射过程中一个又一个震撼人心的故事。 | |
| 606 | 0 | @a报告文学@y中国@z现代 |
| 690 | @aI253.6@v5 | |
| 701 | 0 | @a李鸣生@9li ming sheng@4著 |
| 801 | 0 | @aCN@b上海新华@c20180901 |
| 905 | @b1166522-6@dI253.6@e1081@f5 | |
| 飞向太空港/李鸣生著.-海口:南方出版社,2018 |
| 311页:图;22cm |
| 新课标必读名著·彩插励志版.-无障碍阅读 |
| ISBN 978-7-5501-4363-0:CNY29.80 |
| 本书是李鸣生创作的一部航天题材的报告文学作品,讲述了中国“长征三号”火箭首次在西昌发射场发射美国“亚洲一号”卫星的故事。《飞向太空港》是中国航天历史的一段珍贵回忆,作者李鸣生作为历史的见证者和记录者,以客观细腻的笔触,为我们叙述了卫星发射过程中一个又一个震撼人心的故事。 |
| ● |
| 相关链接 |
|
|
|
|
正题名:飞向太空港
索取号:I253.6/1081
 
预约/预借
| 序号 | 登录号 | 条形码 | 馆藏地/架位号 | 状态 | 备注 |
| 1 | 1166522 | 211665223 | 第一样本阅览室/ [索取号:I253.6/1081] | 在馆 | |
| 2 | 1166523 | 211665232 | 第二借阅区/ [索取号:I253.6/1081] | 在馆 | |
| 3 | 1166524 | 211665241 | 第二借阅区/ [索取号:I253.6/1081] | 在馆 | |
| 4 | 1166525 | 211665250 | 第二借阅区/ [索取号:I253.6/1081] | 在馆 | |
| 5 | 1166526 | 211665269 | 密集书库-文学院/ [索取号:I253.6/1081] | 在馆 |